S tebou a bez teba : (Record no. 22662)
[ view plain ]
| 000 -LEADER | |
|---|---|
| fixed length control field | 01172nam a22003251i 4500 |
| 001 - CONTROL NUMBER | |
| control field | 22662 |
| 003 - CONTROL NUMBER IDENTIFIER | |
| control field | CZ PrNK |
| 005 - DATE AND TIME OF LATEST TRANSACTION | |
| control field | 20260415140041.0 |
| 007 - PHYSICAL DESCRIPTION FIXED FIELD--GENERAL INFORMATION | |
| fixed length control field | ta |
| 008 - FIXED-LENGTH DATA ELEMENTS--GENERAL INFORMATION | |
| fixed length control field | 991015s1966 xr ac 000 | slo |
| 015 ## - NATIONAL BIBLIOGRAPHY NUMBER | |
| National bibliography number | cnb000318165 |
| 020 ## - INTERNATIONAL STANDARD BOOK NUMBER | |
| Qualifying information | (Vázáno) : |
| Terms of availability | Kčs 17,00 |
| 040 ## - CATALOGING SOURCE | |
| Original cataloging agency | ABA001 |
| Language of cataloging | cze |
| Transcribing agency | ABA001 |
| Modifying agency | ABA001 |
| Description conventions | rda |
| 044 ## - COUNTRY OF PUBLISHING/PRODUCING ENTITY CODE | |
| MARC country code | xr |
| -- | xo |
| 100 1# - MAIN ENTRY--PERSONAL NAME | |
| Personal name | Koyš, Pavel, |
| Dates associated with a name | 1932-1993 |
| Relationship | aut |
| 245 10 - TITLE STATEMENT | |
| Title | S tebou a bez teba : |
| Remainder of title | antológia súčasnej slovenskej ľúbostnej poézie / |
| Statement of responsibility, etc. | zostavil, spojovací text, doslov a poznámky o autoroch napísal Pavel Koyš ; ilustroval Emil Bačík |
| 250 ## - EDITION STATEMENT | |
| Edition statement | Vydanie prvé |
| 264 #1 - PRODUCTION, PUBLICATION, DISTRIBUTION, MANUFACTURE, AND COPYRIGHT NOTICE | |
| Place of production, publication, distribution, manufacture | Bratislava : |
| Name of producer, publisher, distributor, manufacturer | Smena ; |
| Place of production, publication, distribution, manufacture | [Praha] : |
| Name of producer, publisher, distributor, manufacturer | Mladá fronta : |
| -- | Naše vojsko : |
| -- | Svět sovětů, |
| Date of production, publication, distribution, manufacture, or copyright notice | 1966 |
| 300 ## - PHYSICAL DESCRIPTION | |
| Extent | 302 stran : |
| Other physical details | ilustrace, portréty ; |
| Dimensions | 21 cm |
| 336 ## - CONTENT TYPE | |
| Content type term | text |
| Content type code | txt |
| Source | rdacontent |
| 337 ## - MEDIA TYPE | |
| Media type term | bez média |
| Media type code | n |
| Source | rdamedia |
| 338 ## - CARRIER TYPE | |
| Carrier type term | svazek |
| Carrier type code | nc |
| Source | rdacarrier |
| 490 1# - SERIES STATEMENT | |
| Series statement | Máj : knižnica československej mládeže ; |
| Volume/sequential designation | zväzok 78 |
| 500 ## - GENERAL NOTE | |
| General note | 17000 výtisků |
| 700 1# - ADDED ENTRY--PERSONAL NAME | |
| Personal name | Koyš, Pavel, |
| Dates associated with a name | 1932-1993 |
| Relationship | com |
| -- | cwt |
| 700 1# - ADDED ENTRY--PERSONAL NAME | |
| Personal name | Bačík, Emil, |
| Dates associated with a name | 1929-1999 |
| Relationship | ill |
| 830 #0 - SERIES ADDED ENTRY--UNIFORM TITLE | |
| Uniform title | Máj (Smena) |
| 910 ## - USER-OPTION DATA (OCLC) | |
| User-option data | ABA001 |
| 942 ## - ADDED ENTRY ELEMENTS (KOHA) | |
| Source of classification or shelving scheme | Dewey Decimal Classification |
| Koha item type | Krásna literatúra pre dospelých |
| Suppress in OPAC | No |
| Stav vyradenia | Strata | Poškodenie | Spôsob nadobudnutia | Domovská knižnica | Aktuálna knižnica | Dátum nadobudnutia | Total checkouts | Čiarový kód exemplára | Date last seen | Typ exemplára |
|---|---|---|---|---|---|---|---|---|---|---|
| Dar | Obecná knižnica Horná Štubňa | Obecná knižnica Horná Štubňa | 15.04.2026 | 4736202208 | 15.04.2026 | Krásna literatúra pre dospelých |
